<The> Relationship between the risk of a change of the interest rate and the age of entrepreneurs among Slovak SMEs

Vyššia rizikovosť mladých podnikateľov a s tým spojené problémové získavanie financií na ich podniky a start-upy. Výsledky prieskumu medzi slovenskými podniakteľmi z radov MSP z roku 2016: vplyv veku podnikateľa na riziko zmeny úrokových sadzieb; vplyv veku podnikateľa na názor, že MSP v iných kraji...

Descrizione completa

Salvato in:
Dettagli Bibliografici
Autore principale: Sobeková Majková, Monika
Natura: Capitolo di libro
Lingua:inglese
Soggetti:
Tags: Aggiungi Tag
Nessun Tag, puoi essere il primo ad aggiungerne!!

MARC

LEADER 00000nla a2200000 4500
001 0234760
005 20240417075123.7
041 0 |a eng 
044 |a CZ 
245 1 0 |a <The> Relationship between the risk of a change of the interest rate and the age of entrepreneurs among Slovak SMEs  |c Monika Sobeková Majková 
520 |a Vyššia rizikovosť mladých podnikateľov a s tým spojené problémové získavanie financií na ich podniky a start-upy. Výsledky prieskumu medzi slovenskými podniakteľmi z radov MSP z roku 2016: vplyv veku podnikateľa na riziko zmeny úrokových sadzieb; vplyv veku podnikateľa na názor, že MSP v iných krajinách EÚ čelia nižšiemu riziku zmeny úrokovej miery ako na Slovensku. Možnosti štátnej podpory takýchto podnikov v záujme zvyšovania konkurencieschopnosti Slovenska. 
610 2 0 |a podnik 
610 2 0 |a podnik malý 
610 2 0 |a podnik stredný 
610 2 0 |a podnikatelia 
610 2 0 |a podnikanie rizikové 
610 2 0 |a start-up 
610 2 0 |a financovanie podnikov 
610 2 0 |a kapitál rizikový 
610 2 0 |a riziko 
610 2 0 |a sadzby úrokové 
610 2 0 |a konkurencieschopnosť 
610 2 0 |a Slovensko 
610 2 0 |a Európska únia 
100 1 |a Sobeková Majková, Monika